Child Development and Child Psychology/ (Record no. 212366)

MARC details
000 -LEADER
fixed length control field 00642nam a22002057a 4500
005 - DATE AND TIME OF LATEST TRANSACTION
control field 20250715115034.0
010 ## - LCCN (DPL NO)
LC control number ENG-145986
020 ## - INTERNATIONAL STANDARD BOOK NUMBER
International Standard Book Number 9788197288258
Terms of availability 300.00
035 ## - SYSTEM CONTROL NUMBER
System control number EN-129518
037 ## - SOURCE OF ACQUISITION
Source of stock number/acquisition DBAD
082 ## - DEWEY DECIMAL CLASSIFICATION NUMBER
Classification number 613.0432
Edition number 1
100 ## - MAIN ENTRY--PERSONAL NAME
Personal name Yakaish, P.
245 ## - TITLE STATEMENT
Title Child Development and Child Psychology/
Statement of responsibility, etc P. Yakaish [and] J. Sridevi
250 ## - EDITION STATEMENT
Edition statement 1
260 ## - PUBLICATION, DISTRIBUTION, ETC. (IMPRINT)
Place of publication, distribution, etc New Delhi
Name of publisher, distributor, etc Neelkamal Publications
Date of publication, distribution, etc 2024
270 ## - ADDRESS
Address 4764/1, 23, Ansari Road, Daryaganj,
City New Delhi
Postal code 110002
Telephone number 011-23244237
300 ## - PHYSICAL DESCRIPTION
Extent x, 242p.
Dimensions 24cm(pb)
700 ## - ADDED ENTRY--PERSONAL NAME
Personal name J. Sridevi
Relator term Author
9 (RLIN) 82977
942 ## - ADDED ENTRY ELEMENTS (KOHA)
Source of classification or shelving scheme Dewey Decimal Classification
Item type English Books
Classification part 613.0432
Call number suffix YAK
Holdings
Withdrawn status Lost status Not for loan Collection code Home library Current library Date acquired Source of acquisition Cost, normal purchase price Full call number Barcode Copy number Cost, replacement price Koha item type
      Non-fiction Central Library Central Library 15/07/2025 Delivery of Books Act Division 300.00 613.0432 YAK EN-129518 1 300.00 English Books

© Delhi Public Library
Hit Counter
free hit counter